• 首页
  • 本馆介绍
  • 公告通知
  • 最新文献
  • 馆藏检索
  • 电子资源
  • 读者导购
  • 参考咨询
  • 我的图书馆
  • 登录
  • 详细信息显示
  • 放入我的书架
  • 预约/预借图书
  • 作者相关作品
  • 分类相关作品
  • 丛书相关作品
  • 出版社相关作品

书目信息

  • 表格格式
  • 工作单格式
  • 卡片格式
题名:
广播影视科技发展史概略
    
 
作者: 金文中 , 李建新 编著
分册:  
出版信息: 北京   中国广播电视出版社  2013.01
页数: 206页
开本: 26cm
丛书名:
单 册:
中图分类: G229.19
科图分类:
主题词: 广播技术--技术史--研究--世界 , 电影技术--技术史--研究--世界 , 电视技术--技术史--研究--世界 , 广播技术 , 技术史 , 电影技术 , 电视技术
电子资源:
ISBN: 978-7-5043-6748-8
000 01053nam0 2200313 450
001 0000500022146
005 20130504153854.95
010    @a978-7-5043-6748-8@dCNY32.00
100    @a20130118d2013 em y0chiy50 ea
101 0  @achi
102    @aCN@b110000
105    @aacf z 000yy
106    @ar
200 1  @a广播影视科技发展史概略@9guang bo ying shi ke ji fa zhan shi gai lue@f金文中,李建新编著
210    @a北京@c中国广播电视出版社@d2013.01
215    @a206页@c图,照片,肖像,图版(12页)@d26cm
330    @a本书主要内容包括:基础理论和实验;广播的发明及发展;电视的发明及发展;传输设施设施的发展进程;广播节目制作设备的发展进程等。
606 0  @a广播技术@x技术史@x研究@y世界
606 0  @a电影技术@x技术史@x研究@y世界
606 0  @a电视技术@x技术史@x研究@y世界
606 0  @a广播技术
606 0  @a技术史
606 0  @a电影技术
606 0  @a电视技术
690    @aG229.19@v5
701  0 @a金文中@9jin wen zhong@4编著
701  0 @a李建新@9li jian xin@4编著
801  0 @aCN@b人天书店@c20130118
905    @b543279-83@dG229.19@e141@f5
    
    广播影视科技发展史概略/金文中,李建新编著.-北京:中国广播电视出版社,2013.01
    206页:图,照片,肖像,图版(12页);26cm
    
    
    ISBN 978-7-5043-6748-8:CNY32.00
    本书主要内容包括:基础理论和实验;广播的发明及发展;电视的发明及发展;传输设施设施的发展进程;广播节目制作设备的发展进程等。
●
相关链接 在E读中查询图书 在五车中查询图书 在当当中查询图书 在豆瓣中查询图书


正题名:广播影视科技发展史概略     索取号:G229.19/141         预约/预借

序号 登录号 条形码 馆藏地/架位号 状态 备注
1 543279   205432799   第一样本阅览室/ [索取号:G229.19/141] 在馆    
2 543280   205432806   密集书库-文学院/ [索取号:G229.19/141] 在馆    
3 543281   205432815   第四借阅区/ [索取号:G229.19/141] 在馆    
4 543282   205432824   第四借阅区/ [索取号:G229.19/141] 在馆    
5 543283   205432833   第四借阅区/ [索取号:G229.19/141] 在馆    
唐山师范学院图书馆 欢迎您!
大连网信软件有限公司© 版权所有